| 000 | 02068nam a22003617a 4500 | ||
|---|---|---|---|
| 005 | 20080722152635.0 | ||
| 008 | 080722t xxu||||| |||| 00| 1 eng d | ||
| 020 |
_a0448089173 _c135.00 |
||
| 020 | _a9780448089171 | ||
| 035 | _aB--264867-872 | ||
| 037 | _aBlueberry/8.05.08/4439/8.4.08/5.6.08 | ||
| 040 | _aDDC | ||
| 082 | _aS | ||
| 100 | _aDixon, Franklin W. | ||
| 245 |
_aThe secret warning / _cFranklin W. Dixon |
||
| 260 |
_aNew York _bGrosset & Dunlop _c2005 |
||
| 260 |
_aNew Delhi _bBlue Berry (Vendor) _c2005 |
||
| 300 |
_a176 p. : _c20 cm. _bill ; |
||
| 490 |
_aThe Hardy boys mystery stories ; _v17 |
||
| 520 | _aTheir search for an Easter Island idol takes the Hardy boys to Easter Island and on to investigate the theft of government material in Antarctica. | ||
| 650 | _aMystery and detective stories. | ||
| 651 |
_aEaster Island _xFiction. |
||
| 651 |
_aAntarctica _xFiction. |
||
| 942 |
_2ddc _cCH _hN _mDIX |
||
| 999 |
_c14534 _d14534 |
||